Missing Word: Card Suits Quiz Stats

Quiz Updated Jun 26, 2016

Challenge
Share
Tweet
Embed
Score 0/20 Timer 03:00
0 Plays Today
Hint Answer % Correct
David Spade
♠ TV shows ♠
Saturday
95.9%
David Spade
♠ TV shows ♠
Butt-head
95%
David Spade
♠ TV shows ♠
Rules
91%
Lou Diamond Phillips
♦ movies ♦
La
89.7%
The Breakfast Club
♣ cast names ♣
Molly
88.4%
The Breakfast Club
♣ cast names ♣
Emilio
84.9%
David Spade
♠ TV shows ♠
Simple
81.8%
Lou Diamond Phillips
♦ movies ♦
Stand
81.2%
David Spade
♠ TV shows ♠
Shoot
74%
Heart (band)
♥ songs ♥
You
71.7%
Hint Answer % Correct
The Breakfast Club
♣ cast names ♣
Hall
66.5%
The Breakfast Club
♣ cast names ♣
Judd
65.1%
Heart (band)
♥ songs ♥
Love
61%
Lou Diamond Phillips
♦ movies ♦
Guns
60%
The Breakfast Club
♣ cast names ♣
Sheedy
57.5%
Lou Diamond Phillips
♦ movies ♦
Courage
56.8%
Heart (band)
♥ songs ♥
Man
47.5%
Heart (band)
♥ songs ♥
These
34.6%
Lou Diamond Phillips
♦ movies ♦
Palace
24.3%
Heart (band)
♥ songs ♥
Kick
8.1%

Today's Daily Dose

You're not logged in!

Compare scores with friends on all Sporcle quizzes.
Sign Up with Email
OR
Log In

You Might Also Like...

Show Comments

Extras

Top Quizzes Today


Score Distribution

Your Account Isn't Verified!

In order to create a playlist on Sporcle, you need to verify the email address you used during registration. Go to your Sporcle Settings to finish the process.